000 00334nam a2200145Ia 4500
100 _aTokheim/Roger L
942 _cBK
654 _aMicroprocessor fundamentals
245 _aMicroprocessor fundamentals
260 _bMcGraw Hill
_aSingapore
_c1990
082 _a621.381953
_bTOK
300 _a469
546 _aENGLISH
999 _c18224
_d18224